000 00602cam a22002052 4500
001 0000013015
005 20151217154416.0
008 090519s xx 000 0 eng d
020 _a8178087030 :
040 _aKABU
_cKABU
100 1 _aWisniewski, Steve.
_@0000170070
245 1 0 _aNetwork administration /
_cSteve Wisniewski.
250 _a1st ed.
260 _aDelhi :
_bPearson Education,
_c2001.
300 _axvii, 606 p.
650 0 _aComputer networks
_xManagement.
_@0000156312
852 1 _9p3850 KES
908 _a090519
950 _@1
999 _c11103
_d11103